LEADER 01374nam0-2200457---450- 001 990000083030203316 005 20050829125422.0 010 $a88-8101-064-X 035 $a0008303 035 $aUSA010008303 035 $a(ALEPH)000008303USA01 035 $a0008303 100 $a20000914d19991998|||y0itay0103----ba 101 0 $aita 102 $aIT 105 $a||||||||001yy 200 1 $aCherubino e Celestino$fAlexandre Dumas$gtraduzione di Antonio Coltellaro 210 $aCosenza$cL. Pellegrini$d1999 215 $a72 p.$cill.$d21 cm 676 $a843.8 700 1$aDUMAS,$bAlexandre$f<1802-1870>$0176848 801 $aIT$bsalbc$gISBD 912 $a990000083030203316 951 $aVI.4.A. 979(II f A 1096)$b152499 L.M.$cII f A$d00002374 959 $aBK 969 $aUMA 979 $c20000914$lUSA01$h1738 979 $c20001019$lUSA01$h1056 979 $c20001019$lUSA01$h1454 979 $c20001019$lUSA01$h1501 979 $c20001019$lUSA01$h1539 979 $c20001024$lUSA01$h1514 979 $c20001027$lUSA01$h1523 979 $c20001110$lUSA01$h1710 979 $c20001124$lUSA01$h1208 979 $aPATTY$b90$c20010727$lUSA01$h1156 979 $c20020403$lUSA01$h1616 979 $aPATRY$b90$c20040406$lUSA01$h1607 979 $aCOPAT5$b90$c20050829$lUSA01$h1254 996 $aCherubino e Celestino$91515914 997 $aUNISA